Pies & prejudice / Heather Vogel Frederick.
Available copies
- 1 of 1 copy available at LARL/NWRL Consortium.
- 1 of 1 copy available at Northwest Regional Library. (Show preferred library)
Current holds
0 current holds with 1 total copy.
Show Only Available Copies
| Location | Call Number / Copy Notes | Barcode | Shelving Location | Status | Due Date |
|---|---|---|---|---|---|
| Thief River Falls Public Library | j FRE (Text) | 35500004883615 | Main | Available | - |
Record details
- ISBN: 9781442420199
- ISBN: 9781416974314 (hardcover)
- ISBN: 1416974318 (hardcover)
- Physical Description: 378 p. ; 22 cm.
- Publisher: New York : Simon & Schuster Books for Young Readers, 2010.
Content descriptions
| Summary, etc.: | Four girls, and their mothers, continue their ... Read More |
Search for related items by subject
Search for related items by series
| LDR | 02155cam a22005178a 4500 | ||
|---|---|---|---|
| 001 | 124337 | ||
| 003 | LARL_NWRL_CONSORTIUM | ||
| 005 | 20210902211639.0 | ||
| 008 | 100525s2010 nyu c 000 1 eng | ||
| 010 | . | ‡a2010015921 | |
| 020 | . | ‡a9781442420199 | |
| 020 | . | ‡a9781416974314 (hardcover) | |
| 020 | . | ‡a1416974318 (hardcover) | |
| 035 | . | ‡a(OCoLC)464593234 | |
| 040 | . | ‡aDLC ‡cDLC ‡dBTCTA ‡dABG ‡dSOM ‡dZAG ‡dVP@ | |
| 042 | . | ‡alcac | |
| 082 | 0 | 0. | ‡a[Fic] ‡222 |
| 100 | 1 | . | ‡aFrederick, Heather Vogel. ‡0(LARL_NWRL_CONSORTIUM)131426 |
| 245 | 1 | 0. | ‡aPies & prejudice / ‡cHeather Vogel Frederick. |
| 246 | 3 | . | ‡aPies and prejudice |
| 260 | . | ‡aNew York : ‡bSimon & Schuster Books for Young Readers, ‡c2010. | |
| 300 | . | ‡a378 p. ; ‡c22 cm. | |
| 490 | 0 | . | ‡aMother-daughter book club ; ‡v4 |
| 520 | . | ‡aFour girls, and their mothers, continue their mother-daughter book club via videoconference between Massachusetts and England, reading Jane Austen's "Pride and Prejudice," and try to put friendship before romance. | |
| 650 | 1. | ‡aInterpersonal relations ‡vFiction. ‡0(LARL_NWRL_CONSORTIUM)165331 | |
| 650 | 1. | ‡aMothers and daughters ‡vFiction. ‡0(LARL_NWRL_CONSORTIUM)166030 | |
| 650 | 1. | ‡aClubs ‡vFiction. ‡0(LARL_NWRL_CONSORTIUM)171514 | |
| 650 | 1. | ‡aBooks and reading ‡vFiction. ‡0(LARL_NWRL_CONSORTIUM)163741 | |
| 651 | 1. | ‡aConcord (Mass.) ‡vFiction. ‡0(LARL_NWRL_CONSORTIUM)171259 | |
| 651 | 1. | ‡aEngland ‡vFiction. | |
| 600 | 1 | 1. | ‡aAusten, Jane, ‡d1775-1817 ‡vFiction. |
| 600 | 1 | 0. | ‡aAusten, Jane, ‡d1775-1817 ‡vJuvenile fiction. |
| 650 | 0. | ‡aInterpersonal relations ‡vJuvenile fiction. ‡0(LARL_NWRL_CONSORTIUM)165337 | |
| 650 | 0. | ‡aMothers and daughters ‡vJuvenile fiction. ‡0(LARL_NWRL_CONSORTIUM)173483 | |
| 650 | 0. | ‡aClubs ‡vJuvenile fiction. | |
| 650 | 0. | ‡aBooks and reading ‡vJuvenile fiction. ‡0(LARL_NWRL_CONSORTIUM)170937 | |
| 651 | 0. | ‡aConcord (Mass.) ‡vJuvenile fiction. | |
| 651 | 0. | ‡aEngland ‡vJuvenile fiction. ‡0(LARL_NWRL_CONSORTIUM)168416 | |
| 901 | . | ‡a124337 ‡bOCLC ‡c124337 ‡tbiblio | |

Add to basket
Permalink
Disable Highlighting